000 00679nam a2200229Ia 4500
008 100315s9999 xx 000 0 und d
020 _a0852260237 
040 _cENGLISH 
082 _b7151 
_a001.43 
100 _a"Anderson, Janathan, Durston, Berry H. "
245 _aThesis and Assignment Writing
260 _aNEW DELHI 
_bWiley Eastern Limited  
_c1970 
300 _a"xi,135  "
365 _eRupees 
_d
_b10.00 
366 _f
505 _gVaibhav 
530 _bDonated by RBI Library  
620 _aThesis and Assignment Writing 
630 _aThesis and Assignment Writing
730 _aThesis and Assignment Writing
942 _cBOOK
999 _c481886
_d481883